000 00660cam a2200157 4500
001 WS106789
008 000000n 000 0 eng u
035 _a(Sirsi) u106789
245 _aI-fm News
520 _aWeb site for this online resource for facilities management professionals. Includes news updated every working day, features, market information, a discussion forum and bookshop. Specialist channels cover workplace, technology and HR issues.
650 _aTELEWORKING
650 _aDISCUSSION LISTS
690 _aMANAGEMENT-FACILITIES MANAGEMENT
856 4 0 _uhttps://www.i-fm.net
_zView the website free of charge at www.i-fm.net...
942 _n0
999 _c119522
_d119522